¿Es necesaria la izquierda? /
Sparad:
| Huvudupphovsman: | |
|---|---|
| Materialtyp: | Text |
| Taggar: |
Lägg till en tagg
Inga taggar, Lägg till första taggen!
|
MARC
| LEADER | 00000 a a2200000 04500 | ||
|---|---|---|---|
| 001 | 46593 | ||
| 003 | |||
| 040 | |||
| 100 | |a Bartra, Roger | ||
| 245 | |a ¿Es necesaria la izquierda? / |c Roger Bartra | ||
| 773 | |g páginas 213-225 | ||
| 999 | |c 32646 |d 32646 | ||
